[Event "SV Waltrop 1 - DJK Wacker Bergeborbeck "]
[Site "Verbandsklasse, Gruppe 1 2017"]
[Date "2017.12.03"]
[Round "4.4"]
[White "Drewes, Martin"]
[Black "Schaedlich, Andreas"]
[Result "0-1"]
[WhiteElo "1944"]
[BlackElo "1864"]
[PlyCount "84"]
[EventDate "2017.??.??"]

1. e4 e6 2. d4 d5 3. Nc3 Nf6 4. Bg5 Be7 5. e5 Nfd7 6. h4 Bxg5 7. hxg5 Qxg5 8.
Nh3 Qe7 9. Bd3 Nc6 10. Qg4 f5 11. exf6 Nxf6 12. Qh4 Ne4 13. Qxe7+ Kxe7 14. Bxe4
dxe4 15. O-O-O Bd7 16. Nxe4 Rad8 17. Rhe1 Bc8 18. c3 Rhe8 19. Rd3 Kf8 20. Rf3+
Kg8 21. Rg3 Rf8 22. Neg5 Rde8 23. Rge3 Nd8 24. d5 Rf6 25. Ne4 Rf7 26. Nhg5 Rf5
27. c4 h6 28. Nf3 Ref8 29. Nd4 Rf4 30. g3 R4f7 31. d6 cxd6 32. Nxd6 Rc7 33.
N4b5 Rc6 34. Rd3 Nf7 35. Nxf7 Rxf7 36. Nxa7 Rxc4+ 37. Kb1 Bd7 38. Red1 Rc7 39.
f4 b6 40. Ra3 e5 41. Ka1 exf4 42. gxf4 Be8 0-1

[Event "SV Waltrop 1 - DJK Wacker Bergeborbeck "]
[Site "Verbandsklasse, Gruppe 1 2017"]
[Date "2017.12.03"]
[Round "4.5"]
[White "Alinsug, Salvadore"]
[Black "Dunsche, Daniel"]
[Result "0-1"]
[WhiteElo "1774"]
[BlackElo "1872"]
[PlyCount "66"]
[EventDate "2017.??.??"]

1. e4 e5 2. Nf3 Nc6 3. Nc3 Nf6 4. d4 exd4 5. Nxd4 Bb4 6. Nxc6 bxc6 7. Bd2 d5 8.
exd5 cxd5 9. Bb5+ Bd7 10. Qe2+ Be7 11. O-O-O O-O 12. Bxd7 Qxd7 13. Bg5 c6 14.
h4 Rab8 15. h5 Rfe8 16. Qf3 h6 17. Bf4 Bd6 18. Bxh6 Qb7 19. b3 gxh6 20. Qxf6
Be5 21. Qf3 Qb4 22. Rh3 a5 23. Rdh1 Re6 24. Ne2 Qa3+ 25. Kd1 Qxa2 26. Rh4 Qa3
27. Rg4+ Kf8 28. Ra4 Qc5 29. Rhh4 Rbe8 30. Nd4 Rf6 31. Qd3 Rxf2 32. Qh7 Qc3 33.
Qxh6+ Bg7 0-1

[Event "SV Waltrop 1 - DJK Wacker Bergeborbeck "]
[Site "Verbandsklasse, Gruppe 1 2017"]
[Date "2017.12.03"]
[Round "4.6"]
[White "Breidenbach, Rolf"]
[Black "Grimke, Michael"]
[Result "1-0"]
[WhiteElo "1861"]
[BlackElo "1705"]
[PlyCount "101"]
[EventDate "2017.??.??"]

1. d4 g6 2. Bf4 d6 3. Nc3 Bg7 4. Nf3 Nf6 5. Qd2 O-O 6. Bh6 c5 7. Bxg7 Kxg7 8.
e3 a6 9. Be2 b5 10. dxc5 dxc5 11. Qxd8 Rxd8 12. O-O Bf5 13. Rac1 Nc6 14. a3 e5
15. Nh4 Bg4 16. Bxg4 Nxg4 17. Rfd1 f5 18. Nf3 h6 19. Rxd8 Rxd8 20. Rd1 Rxd1+
21. Nxd1 e4 22. Nd2 Kf6 23. h3 Nge5 24. Kf1 Na5 25. b3 Ke6 26. f4 exf3 27. gxf3
g5 28. Ke2 c4 29. Nc3 Nac6 30. bxc4 bxc4 31. f4 gxf4 32. exf4 Nd4+ 33. Kf2 Ng6
34. Nxc4 Nxc2 35. Ne2 Ne7 36. Kg3 Kd5 37. Nb6+ Kc6 38. Nc4 Kc5 39. Nb2 Nxa3 40.
Kh4 Kd5 41. Kh5 Ke4 42. Kxh6 Kf3 43. h4 Kg4 44. h5 Nb5 45. Nd3 Nd6 46. Ne5+ Kh3
47. Kg7 Nd5 48. h6 Ne8+ 49. Kg6 Nef6 50. Kxf5 a5 51. Nc3 1-0

[Event "SV Waltrop 1 - DJK Wacker Bergeborbeck "]
[Site "Verbandsklasse, Gruppe 1 2017"]
[Date "2017.12.03"]
[Round "4.7"]
[White "Nikolic, Djuro"]
[Black "Schwammbach, Frank"]
[Result "1/2-1/2"]
[WhiteElo "1695"]
[BlackElo "1781"]
[PlyCount "70"]
[EventDate "2017.??.??"]

1. g3 d6 2. Bg2 Nf6 3. d3 g6 4. c4 c5 5. Nc3 Bg7 6. Nf3 O-O 7. O-O Nc6 8. Bd2
Bd7 9. Rb1 Qc8 10. Qc1 Bh3 11. Bh6 Re8 12. Bxg7 Kxg7 13. Re1 Bxg2 14. Kxg2 e6
15. Qf4 e5 16. Qd2 h6 17. e4 Qd7 18. Nd5 Nxd5 19. cxd5 Ne7 20. Ng1 g5 21. h3 f5
22. f4 gxf4 23. gxf4 exf4 24. Qxf4 Ng6 25. Qg3 f4 26. Qf2 f3+ 27. Nxf3 Nf4+ 28.
Kh1 Qxh3+ 29. Nh2 Rf8 30. Re3 Qh5 31. Rg1+ Ng6 32. Qg2 Rf6 33. Rh3 Qg5 34. Rg3
Qh5 35. Rh3 Qg5 1/2-1/2

[Event "SV Waltrop 1 - DJK Wacker Bergeborbeck "]
[Site "Verbandsklasse, Gruppe 1 2017"]
[Date "2017.12.03"]
[Round "4.8"]
[White "Hilbig, Joerg"]
[Black "Hoenisch, Florian"]
[Result "1-0"]
[WhiteElo "1649"]
[BlackElo "1489"]
[PlyCount "51"]
[EventDate "2017.??.??"]

1. d4 d5 2. c4 dxc4 3. Nf3 Nf6 4. e3 e6 5. Bxc4 c5 6. O-O a6 7. a4 Nbd7 8. Nc3
Be7 9. e4 Nb6 10. Ba2 O-O 11. Bf4 Nfd7 12. a5 cxd4 13. Qxd4 e5 14. Nxe5 Bc5 15.
Qd1 Nxe5 16. Bxe5 Nd7 17. Bd6 Re8 18. Bxf7+ Kxf7 19. Qd5+ Re6 20. Bxc5 Qe8 21.
f4 Nxc5 22. f5 Qe7 23. fxe6+ Ke8 24. Qh5+ g6 25. Qe5 Nxe6 26. Nd5 1-0

[Event "Bochumer SV 2 - Matt Inn Dortmund 1"]
[Site "Verbandsklasse, Gruppe 2 2017"]
[Date "2017.12.03"]
[Round "4.1"]
[White "Schulenburg, Pit"]
[Black "Kraemer, Matthias"]
[Result "0-1"]
[WhiteElo "2080"]
[BlackElo "2195"]
[PlyCount "82"]
[EventDate "2017.??.??"]

1. c4 g6 2. Nc3 Bg7 3. g3 e5 4. Nf3 Nc6 5. Bg2 d6 6. Rb1 Nge7 7. b4 Bf5 8. e4
Bg4 9. b5 Nd4 10. h3 Nxf3+ 11. Bxf3 Be6 12. d3 O-O 13. h4 a6 14. a4 axb5 15.
axb5 c6 16. Qb3 Qd7 17. Bg5 f6 18. Be3 f5 19. Bg2 f4 20. Bd2 f3 21. Bf1 d5 22.
bxc6 bxc6 23. Qb7 d4 24. Nd1 Rfb8 25. Qxb8+ Rxb8 26. Rxb8+ Kf7 27. h5 Bg4 28.
hxg6+ Kxg6 29. c5 h5 30. Rb1 Qa7 31. Rc1 Qa2 32. Nc3 dxc3 33. Bxc3 Bh6 34. Rd1
Qa3 35. Bd2 Bxd2+ 36. Rxd2 Qc1+ 37. Rd1 Qc3+ 38. Rd2 Ng8 39. Bh3 Nf6 40. Bxg4
Nxg4 41. Rf1 Kg5 0-1

[Event "Bochumer SV 2 - Matt Inn Dortmund 1"]
[Site "Verbandsklasse, Gruppe 2 2017"]
[Date "2017.12.03"]
[Round "4.2"]
[White "Spiess, Timo-Christian"]
[Black "Koenig, Christian"]
[Result "1/2-1/2"]
[WhiteElo "2069"]
[BlackElo "1973"]
[PlyCount "33"]
[EventDate "2017.??.??"]

1. Nf3 Nf6 2. c4 g6 3. b3 Bg7 4. Bb2 c5 5. g3 b6 6. Bg2 Bb7 7. O-O O-O 8. Nc3
d6 9. d4 cxd4 10. Nxd4 Bxg2 11. Kxg2 Qc8 12. e4 Qb7 13. f3 Nbd7 14. Qd2 Rac8
15. Rac1 a6 16. Nd5 Rfe8 17. Rc2 1/2-1/2

[Event "Bochumer SV 2 - Matt Inn Dortmund 1"]
[Site "Verbandsklasse, Gruppe 2 2017"]
[Date "2017.12.03"]
[Round "4.4"]
[White "Hinkmann, Jens"]
[Black "Kromat, Stefan"]
[Result "1-0"]
[WhiteElo "1987"]
[BlackElo "1749"]
[PlyCount "65"]
[EventDate "2017.??.??"]

1. e4 d6 2. d4 Nf6 3. Nc3 Nbd7 4. g4 h6 5. h3 e5 6. f4 exd4 7. Qxd4 c6 8. Nf3
d5 9. exd5 Bc5 10. Qd3 O-O 11. Bd2 Re8+ 12. Be2 cxd5 13. O-O-O Ne4 14. Be1 Bf2
15. Rf1 Bxe1 16. Nxe1 Ndc5 17. Qd4 Nxc3 18. Qxc3 Na4 19. Qa3 Nxb2 20. Bb5 Qe7
21. Qxe7 Rxe7 22. Kxb2 a6 23. Bd3 b5 24. Nf3 Bb7 25. Rfe1 Rc7 26. Nd4 Rac8 27.
Nf5 Kf8 28. Nd6 Rd8 29. Nxb7 Rxb7 30. Bf1 Rc7 31. Rd4 Rdc8 32. Re2 Rc5 33. Bg2
1-0

[Event "Bochumer SV 2 - Matt Inn Dortmund 1"]
[Site "Verbandsklasse, Gruppe 2 2017"]
[Date "2017.12.03"]
[Round "4.5"]
[White "Fork, Raphael"]
[Black "Goralski, Christian"]
[Result "1-0"]
[WhiteElo "1834"]
[BlackElo "1974"]
[PlyCount "47"]
[EventDate "2017.??.??"]

1. e4 d5 2. exd5 Nf6 3. Bb5+ Nbd7 4. c4 a6 5. Ba4 b5 6. cxb5 Nb6 7. Bb3 Nfxd5
8. Nf3 axb5 9. d4 e6 10. O-O Be7 11. Nbd2 O-O 12. Ne4 Na4 13. Ne5 Bb7 14. Nd3
Ra7 15. Nec5 Nxc5 16. Nxc5 Bc6 17. Qe2 Bd6 18. Qg4 Nf6 19. Qh4 Qa8 20. f3 Bd5
21. Bc2 Be7 22. Nd7 h6 23. Bxh6 Qc6 24. Bxg7 1-0

[Event "Bochumer SV 2 - Matt Inn Dortmund 1"]
[Site "Verbandsklasse, Gruppe 2 2017"]
[Date "2017.12.03"]
[Round "4.6"]
[White "Peters, Olaf"]
[Black "Schmitz, Martin"]
[Result "1/2-1/2"]
[WhiteElo "1878"]
[BlackElo "1810"]
[Annotator "Daniel"]
[PlyCount "92"]
[EventDate "2017.??.??"]

1. c4 Nf6 2. Nc3 e6 3. e4 d5 4. e5 d4 5. exf6 dxc3 6. fxg7 cxd2+ 7. Bxd2 Bxg7
8. Qc2 Nc6 9. Nf3 Nd4 10. Nxd4 Bxd4 11. Bc3 Qf6 12. Bxd4 Qxd4 13. Rd1 Qe5+ 14.
Qe2 Qxe2+ 15. Bxe2 Bd7 $11 16. f4 Bc6 17. Kf2 Ke7 18. Bf3 Bxf3 19. Kxf3 Rad8
20. Rhe1 Kf6 21. g4 h6 22. h4 Kg6 23. b4 c5 24. h5+ Kf6 25. bxc5 Rxd1 26. Rxd1
Rc8 27. Rd7 Rxc5 28. Rxb7 Rxc4 29. Rxa7 Rc3+ 30. Kf2 Rc4 31. Ra3 Ke7 32. Kg3
Rc1 33. g5 hxg5 34. fxg5 Rc5 35. Kh4 Rc4+ 36. Kh3 Rc5 37. Rg3 Kf8 38. Kh4 Ra5
39. a3 Ra4+ 40. Kh3 Ra5 41. Kg2 Rf5 42. h6 Ra5 43. Kh3 Kg8 44. Kh4 Kh7 45. Rf3
Ra7 46. Kh5 Kg8 1/2-1/2

[Event "Bochumer SV 2 - Matt Inn Dortmund 1"]
[Site "Verbandsklasse, Gruppe 2 2017"]
[Date "2017.12.03"]
[Round "4.7"]
[White "Meinike, Thorsten"]
[Black "Floeren, Philipp"]
[Result "1/2-1/2"]
[WhiteElo "1721"]
[BlackElo "1874"]
[PlyCount "106"]
[EventDate "2017.??.??"]

1. d4 d6 2. c4 Nf6 3. Nc3 g6 4. g3 Bg7 5. Bg2 O-O 6. Nf3 c6 7. O-O Bg4 8. h3
Bxf3 9. Bxf3 Nbd7 10. e4 e5 11. Be3 Qa5 12. d5 Qb4 13. Qb3 Qxb3 14. axb3 Rfd8
15. Rfd1 c5 16. Ra3 Bf8 17. Rda1 a6 18. g4 Kg7 19. g5 Ne8 20. Be2 f5 21. gxf6+
Nexf6 22. f4 Be7 23. Rf1 Rf8 24. Raa1 Rae8 25. f5 Bd8 26. fxg6 hxg6 27. Rf2 Rh8
28. Kg2 Ref8 29. Raf1 Ba5 30. Bd3 Rh5 31. Be2 Rh7 32. Bf3 Rfh8 33. Rh1 Nh5 34.
Ne2 Bd8 35. Bd2 Bh4 36. Rff1 g5 37. Bg4 Ndf6 38. Bf5 Rh6 39. Rhg1 Nf4+ 40. Nxf4
gxf4 41. Kf3+ Bg3 42. Rxg3+ fxg3 43. Bxh6+ Rxh6 44. Kxg3 Nh5+ 45. Kf3 Kf6 46.
Ke3 Nf4 47. Rf3 Ng2+ 48. Kd2 Nh4 49. Rf1 Nxf5 50. Rxf5+ Kg6 51. Rf3 Kg5 52.
Rf5+ Kg6 53. Rf3 Kg5 1/2-1/2

[Event "Bochumer SV 2 - Matt Inn Dortmund 1"]
[Site "Verbandsklasse, Gruppe 2 2017"]
[Date "2017.12.03"]
[Round "4.8"]
[White "Hirmer, Raimund"]
[Black "Schwarz, Andreas"]
[Result "1-0"]
[WhiteElo "1789"]
[BlackElo "1489"]
[PlyCount "57"]
[EventDate "2017.??.??"]

1. d4 d5 2. Bf4 Nf6 3. e3 c6 4. c3 Bf5 5. Nd2 Nbd7 6. h3 h6 7. Ngf3 e6 8. Be2
Be7 9. O-O O-O 10. a4 Ne4 11. Nxe4 Bxe4 12. Nd2 Bh7 13. a5 a6 14. Qb3 Qc8 15.
c4 Re8 16. Rfc1 Nf6 17. c5 Bd8 18. Bd3 Bxd3 19. Qxd3 Bc7 20. Nf3 Nh5 21. Be5
Bxe5 22. dxe5 g6 23. g4 Ng7 24. Nd4 Qd8 25. f4 Qh4 26. Kg2 h5 27. g5 Nf5 28.
Qxf5 exf5 29. Nf3 1-0

[Event "SF Kirchhellen 1 - SK Germania Kupferdr"]
[Site "Verbandsklasse, Gruppe 2 2017"]
[Date "2017.12.03"]
[Round "4.1"]
[White "Unteregge, Michael"]
[Black "Sinnwell, Horst"]
[Result "1/2-1/2"]
[WhiteElo "2019"]
[BlackElo "2076"]
[PlyCount "46"]
[EventDate "2017.??.??"]

1. Nf3 d5 2. d4 e6 3. c4 Nf6 4. g3 Be7 5. Bg2 O-O 6. O-O b6 7. Qc2 Bb7 8. cxd5
Nxd5 9. a3 Nf6 10. Nc3 Nbd7 11. e4 c5 12. Rd1 cxd4 13. Nxd4 Qc8 14. Bf4 Re8 15.
Ndb5 e5 16. Bg5 h6 17. Bxf6 Nxf6 18. Nd6 Bxd6 19. Rxd6 Qc5 20. Rad1 Rac8 21.
Qd2 Qc4 22. Qd3 Qb3 23. Qd2 Qc4 1/2-1/2

[Event "SF Kirchhellen 1 - SK Germania Kupferdr"]
[Site "Verbandsklasse, Gruppe 2 2017"]
[Date "2017.12.03"]
[Round "4.2"]
[White "Hoffterheide, Thomas"]
[Black "Krimphoff, Ingo"]
[Result "1/2-1/2"]
[WhiteElo "2003"]
[BlackElo "1936"]
[PlyCount "40"]
[EventDate "2017.??.??"]

1. e4 c6 2. d4 d5 3. e5 c5 4. c3 Nc6 5. Nf3 Bg4 6. Be2 e6 7. Nbd2 Qb6 8. O-O
Nh6 9. dxc5 Bxc5 10. b4 Be7 11. a4 Nf5 12. a5 Qc7 13. a6 b6 14. Bb2 O-O 15. Re1
Bxf3 16. Nxf3 Nxe5 17. Nxe5 Qxe5 18. Bd3 Qf6 19. Qg4 Bd6 20. Re2 Qh4 1/2-1/2

[Event "SF Kirchhellen 1 - SK Germania Kupferdr"]
[Site "Verbandsklasse, Gruppe 2 2017"]
[Date "2017.12.03"]
[Round "4.4"]
[White "Schlueter, Christoph"]
[Black "Zagrabski, Kevin"]
[Result "1-0"]
[WhiteElo "1953"]
[BlackElo "1883"]
[Annotator "Daniel"]
[PlyCount "157"]
[EventDate "2017.??.??"]

1. d4 g6 2. Nf3 Bg7 3. g3 Nf6 4. Bg2 O-O 5. O-O d6 6. c4 Nbd7 7. Qc2 c5 8. Nc3
cxd4 9. Nxd4 Qb6 10. Rd1 Nc5 11. h3 a6 12. Bg5 Be6 13. Nxe6 fxe6 14. Rab1 Qb4
15. b3 Rf7 16. Be3 Rc8 17. a3 Qxa3 18. b4 Nfd7 $11 19. bxc5 Qxc3 20. Qxc3 Bxc3
21. cxd6 exd6 22. Rxd6 Rxc4 23. Rxb7 Nf8 24. Rxa6 Rxb7 25. Bxb7 Bd4 26. Bh6 Bg7
27. Bg5 Rc7 28. Be4 Kf7 29. h4 Bf6 30. Bf4 Re7 31. Ra8 Re8 32. Rxe8 Kxe8 33.
Kg2 Kf7 34. Bc6 Ke7 35. Kf3 Nd7 36. Bxd7 Kxd7 37. Ke4 Ke8 38. Be5 Be7 39. Kf4
Kf7 40. e4 Bd8 41. Kg4 Be7 42. h5 Bd8 43. Bd6 Kf6 44. f4 Ba5 45. Be5+ Kf7 46.
Kg5 gxh5 47. Kxh5 Bd8 48. Kh6 Kg8 49. Bd6 Bf6 50. g4 Bg7+ 51. Kg5 Kf7 52. f5
exf5 53. gxf5 Bc3 54. Kh6 Kg8 55. e5 Bd2+ 56. Kh5 Kg7 57. Kg4 Bc1 58. Be7 Kf7
59. Bg5 Bb2 60. Bf6 Bc3 61. Kh5 Bd2 62. Bg5 Bc3 63. e6+ Kg7 64. e7 Kf7 65. Kh6
Bb4 66. Kxh7 Bc5 67. Kh6 Bb4 68. Kh5 Ba3 69. f6 Bb4 70. Kg4 Ba3 71. Kf5 Bb4 72.
Ke5 Bc5 73. Kd5 Bb4 74. Kc6 Ke8 75. Kd5 Kf7 76. e8=Q+ Kxe8 77. Ke6 Kf8 78. f7
Ba3 79. Bh6# 1-0

[Event "SF Kirchhellen 1 - SK Germania Kupferdr"]
[Site "Verbandsklasse, Gruppe 2 2017"]
[Date "2017.12.03"]
[Round "4.5"]
[White "Wuthcke, Dieter"]
[Black "Schueppel, Werner"]
[Result "0-1"]
[WhiteElo "1831"]
[BlackElo "1942"]
[PlyCount "68"]
[EventDate "2017.??.??"]

1. d4 g6 2. c4 Bg7 3. Nc3 d6 4. e4 Nd7 5. Be3 e5 6. d5 Ne7 7. Bd3 O-O 8. Nge2
f5 9. exf5 gxf5 10. Bg5 h6 11. Bh4 a6 12. Ng3 e4 13. Bc2 Qe8 14. Nh5 Be5 15. g4
Nc5 16. Rg1 fxg4 17. Nxe4 Nxe4 18. Bxe4 Qxh5 19. Bxe7 Rf7 20. Bd8 Qxh2 21.
Rxg4+ Bxg4 22. Qxg4+ Kh8 23. Bh4 Qf4 24. f3 Bxb2 25. Rb1 Bc3+ 26. Ke2 Qh2+ 27.
Bf2 Rg8 28. Qe6 Qf4 29. Be3 Rg2+ 30. Kf1 Qxe3 31. Kxg2 Rg7+ 32. Kh3 Qf4 33. Bg6
Qxf3+ 34. Kh4 Bf6+ 0-1

[Event "SF Kirchhellen 1 - SK Germania Kupferdr"]
[Site "Verbandsklasse, Gruppe 2 2017"]
[Date "2017.12.03"]
[Round "4.6"]
[White "Belitz, Marco"]
[Black "Degner, Friedhelm"]
[Result "1/2-1/2"]
[WhiteElo "1835"]
[BlackElo "1765"]
[Annotator "Daniel"]
[PlyCount "139"]
[EventDate "2017.??.??"]

1. e4 d5 2. exd5 Nf6 3. d4 Bg4 4. Be2 Bxe2 5. Nxe2 Qxd5 6. O-O e6 7. Nbc3 Qd7
8. Bf4 Bd6 9. Qd2 O-O 10. Rad1 c6 11. Rfe1 Na6 12. Nc1 Rad8 13. Bxd6 Qxd6 14.
Qg5 Nd5 15. Ne4 Qf4 16. Qh5 Nf6 17. Nxf6+ Qxf6 18. c3 Rd5 19. Qh3 Rfd8 20. Rd3
Rf5 21. Qe3 Rfd5 22. Qe4 Qf5 23. Qh4 Qg5 24. Qe4 Qg6 25. Qh4 h6 26. Rg3 Rg5 27.
Nd3 Qh5 28. Qf4 Rxg3 29. Qxg3 Qg5 30. Qxg5 hxg5 31. Re5 Rd5 32. Kf1 Nc7 33. Ke2
f6 34. Rxd5 exd5 35. Kf3 Kf7 36. Kg4 Ne6 37. f4 b6 38. fxg5 Nxg5 39. Nb4 a5 40.
Nxc6 Ne6 41. b4 a4 42. Na7 Nc7 43. Nc8 Nb5 $11 44. Nxb6 Nxc3 45. a3 Ke6 46. Kf3
Kd6 47. Ke3 Kc6 48. Kd3 Nb1 49. Nxa4 Nxa3 50. Nc3 Nc4 51. h4 Nd6 52. g4 f5 53.
b5+ Kb6 54. Nxd5+ Kxb5 55. gxf5 Nxf5 56. h5 Kc6 57. Nf4 Kd6 58. Ke4 Ng3+ 59.
Kf3 Nf5 60. Ne2 g6 61. Kf4 Nxd4 62. h6 Ne6+ 63. Kg4 Nf8 64. Kg5 Ke6 65. Nd4+
Kf7 66. Nf3 Ne6+ 67. Kg4 Kf6 68. Nd2 g5 69. Ne4+ Kg6 70. Nxg5 1/2-1/2

[Event "SF Kirchhellen 1 - SK Germania Kupferdr"]
[Site "Verbandsklasse, Gruppe 2 2017"]
[Date "2017.12.03"]
[Round "4.7"]
[White "Tiefenhoff, Christian"]
[Black "Gajda, Peter"]
[Result "1-0"]
[WhiteElo "1965"]
[BlackElo "1812"]
[PlyCount "107"]
[EventDate "2017.??.??"]

1. d4 g6 2. Nf3 Bg7 3. c3 d6 4. Bg5 Nf6 5. Nbd2 O-O 6. e3 c6 7. Bc4 b5 8. Bb3
a6 9. O-O Nbd7 10. Re1 c5 11. e4 e5 12. dxe5 dxe5 13. Bd5 Rb8 14. c4 b4 15. Qa4
Qc7 16. Nb3 h6 17. Bh4 Re8 18. Nfd2 Bb7 19. f3 Nh5 20. Rad1 Nf4 21. Nf1 Ne6 22.
Bxe6 Nb6 23. Qa5 Rxe6 24. Nxc5 Rc6 25. Nxb7 Rxb7 26. Bd8 Qc8 27. Bxb6 Rbxb6 28.
Rd5 Qe6 29. b3 h5 30. Red1 Qf6 31. Rd8+ Kh7 32. Qd5 Re6 33. Rd7 Rbc6 34. Qa5
Rb6 35. Ne3 Rbd6 36. R7xd6 Rxd6 37. Nd5 Qh4 38. Qxb4 Rd8 39. Qb7 Kg8 40. g3 Qg5
41. Qe7 Rxd5 42. Qxg5 Rxd1+ 43. Kg2 Bf8 44. Qe3 Bb4 45. Kh3 Re1 46. Qd3 a5 47.
Qd5 Bc3 48. c5 Bd4 49. c6 Re2 50. c7 Bg1 51. c8=Q+ Kg7 52. Qxe5+ f6 53. Qe7+
Kh6 54. Qh8+ 1-0

[Event "SF Kirchhellen 1 - SK Germania Kupferdr"]
[Site "Verbandsklasse, Gruppe 2 2017"]
[Date "2017.12.03"]
[Round "4.8"]
[White "Langer, Raimund"]
[Black "Beyer, Heinz"]
[Result "1-0"]
[WhiteElo "1764"]
[BlackElo "1593"]
[PlyCount "41"]
[EventDate "2017.??.??"]

1. e4 e6 2. d4 d5 3. Nd2 dxe4 4. Nxe4 Nf6 5. Nxf6+ Qxf6 6. Nf3 h6 7. Be3 Nd7 8.
Bd3 Bd6 9. Qd2 Nb6 10. c4 Be7 11. O-O O-O 12. Bf4 Bd6 13. Be3 Nd7 14. c5 Be7
15. Bf4 c6 16. Be5 Nxe5 17. dxe5 Qxf3 18. gxf3 Bxc5 19. Bc2 Be7 20. Rad1 Rd8
21. Qxd8+ 1-0

[Event "SK Sodingen/Castrop 3 - Rochade Steele/"]
[Site "Verbandsklasse, Gruppe 2 2017"]
[Date "2017.12.03"]
[Round "4.1"]
[White "Happe, Ulrich"]
[Black "Zobiegala, Christoph"]
[Result "1-0"]
[WhiteElo "2105"]
[BlackElo "1880"]
[PlyCount "97"]
[EventDate "2017.??.??"]

1. c4 c5 2. Nf3 Nc6 3. d4 cxd4 4. Nxd4 g6 5. e4 Bg7 6. Nc2 d6 7. Be2 Nf6 8. Nc3
O-O 9. O-O a6 10. Be3 b6 11. Rc1 Bb7 12. f3 Rc8 13. Qe1 Nd7 14. b3 Nc5 15. Kh1
f5 16. exf5 Rxf5 17. Qd2 Qf8 18. Nd5 Nd7 19. Nxb6 Nxb6 20. Bxb6 Be5 21. Be3 Qg7
22. Ne1 Bb2 23. Rc2 Bd4 24. Bxd4 Nxd4 25. Rc1 Rh5 26. Bd3 Qe5 27. f4 Qf6 28.
Kg1 Rf8 29. Qe3 Qh4 30. h3 e5 31. fxe5 Rxf1+ 32. Bxf1 Rxe5 33. Qf2 Qe4 34. Bd3
Qc6 35. Rd1 Qc5 36. Bf1 Ne6 37. Nd3 Qxf2+ 38. Nxf2 Bc8 39. Rxd6 Kf7 40. Rd1 Ra5
41. Ne4 Ke7 42. Nc3 Rg5 43. Nd5+ Kf7 44. Nb6 Rc5 45. b4 Rc7 46. Nxc8 Rxc8 47.
c5 a5 48. a3 Rb8 49. Bc4 1-0

[Event "SK Sodingen/Castrop 3 - Rochade Steele/"]
[Site "Verbandsklasse, Gruppe 2 2017"]
[Date "2017.12.03"]
[Round "4.2"]
[White "Lucke, Thomas"]
[Black "Landau, Christian"]
[Result "1/2-1/2"]
[WhiteElo "1827"]
[BlackElo "2040"]
[PlyCount "41"]
[EventDate "2017.??.??"]

1. d4 g6 2. Nf3 Bg7 3. g3 c5 4. c3 Nf6 5. Bg2 O-O 6. O-O d5 7. b3 Nc6 8. Bb2
Qa5 9. e3 Bf5 10. dxc5 Qxc5 11. Nd4 Bxb1 12. Rxb1 Rfd8 13. Qe2 Rac8 14. Rbc1
Qa5 15. a3 Qb6 16. c4 Nxd4 17. Bxd4 Qxb3 18. cxd5 Rxc1 19. Rxc1 Nxd5 20. Qc4
Qxc4 21. Rxc4 1/2-1/2

[Event "SK Sodingen/Castrop 3 - Rochade Steele/"]
[Site "Verbandsklasse, Gruppe 2 2017"]
[Date "2017.12.03"]
[Round "4.3"]
[White "Greger, Helmut"]
[Black "Balke, Reiner"]
[Result "1/2-1/2"]
[WhiteElo "1950"]
[BlackElo "1837"]
[PlyCount "96"]
[EventDate "2017.??.??"]

1. c4 Nf6 2. d4 g6 3. g3 Bg7 4. Bg2 O-O 5. Nc3 d6 6. Nf3 Nbd7 7. O-O h6 8. e4
c5 9. d5 a6 10. Re1 Rb8 11. a4 Ne8 12. Qc2 Nc7 13. Bf1 Ne5 14. Nxe5 dxe5 15.
Be3 Qd6 16. a5 Bd7 17. f3 Rfc8 18. Na4 Bxa4 19. Rxa4 b5 20. axb6 Rxb6 21. Ra5
Ne8 22. Qf2 Qb8 23. Rb1 Nd6 24. Rxc5 Rxc5 25. Bxc5 Rb3 26. Be3 f5 27. c5 Nf7
28. Bc4 Rb4 29. Qc2 Qc8 30. b3 Kf8 31. Ra1 fxe4 32. fxe4 Ng5 33. Qf2+ Bf6 34.
Bxg5 hxg5 35. Rxa6 Rxc4 36. Rxf6+ exf6 37. bxc4 Kf7 38. c6 Qa6 39. Qc2 Qa3 40.
c5 Qe3+ 41. Qf2 Qxe4 42. Qd2 Qb1+ 43. Kf2 g4 44. c7 Qf5+ 45. Ke2 Qf3+ 46. Ke1
Qh1+ 47. Kf2 Qf3+ 48. Ke1 Qh1+ 1/2-1/2

[Event "SK Sodingen/Castrop 3 - Rochade Steele/"]
[Site "Verbandsklasse, Gruppe 2 2017"]
[Date "2017.12.03"]
[Round "4.4"]
[White "Scheibe, Werner"]
[Black "Kirsch, Paul"]
[Result "0-1"]
[WhiteElo "1828"]
[BlackElo "1930"]
[PlyCount "118"]
[EventDate "2017.??.??"]

1. d4 d5 2. Nf3 Nf6 3. e3 e6 4. Bd3 c5 5. c3 Nc6 6. O-O Be7 7. Nbd2 O-O 8. Qe2
Qc7 9. b3 b6 10. Bb2 Bb7 11. Rac1 Rac8 12. e4 Nxe4 13. Nxe4 dxe4 14. Bxe4 Nb8
15. Ne5 Bxe4 16. Qxe4 Nd7 17. Nxd7 Qxd7 18. Rfd1 Rfd8 19. Rd3 Bf6 20. Rcd1 cxd4
21. cxd4 Qd5 22. Qxd5 Rxd5 23. f4 Rc2 24. R1d2 Rxb2 25. Rxb2 Bxd4+ 26. Rxd4
Rxd4 27. Rc2 g6 28. g3 h5 29. Kf2 Kg7 30. Ke3 Rb4 31. Rc3 Kf6 32. Rc7 a5 33.
Kd3 h4 34. Kc3 hxg3 35. hxg3 Re4 36. Kd3 Rb4 37. Kc3 g5 38. fxg5+ Kg6 39. Rb7
Rg4 40. Rxb6 Rxg3+ 41. Kd4 Rxg5 42. a3 a4 43. bxa4 Rg4+ 44. Ke3 Rxa4 45. Rb3 f5
46. Kf2 f4 47. Kg2 Kf5 48. Kf2 e5 49. Kf3 e4+ 50. Kf2 Kg4 51. Kf1 e3 52. Ke2
Rd4 53. Rb1 Rd2+ 54. Kf1 Ra2 55. Kg1 Rxa3 56. Kf1 Ra2 57. Kg1 Kg3 58. Kf1 f3
59. Kg1 Rd2 0-1

[Event "SK Sodingen/Castrop 3 - Rochade Steele/"]
[Site "Verbandsklasse, Gruppe 2 2017"]
[Date "2017.12.03"]
[Round "4.5"]
[White "Ophoven, Hermann"]
[Black "Kowalczyk, Frank"]
[Result "1/2-1/2"]
[WhiteElo "1734"]
[BlackElo "1741"]
[PlyCount "97"]
[EventDate "2017.??.??"]

1. c4 c5 2. Nc3 Nc6 3. Nf3 Nf6 4. d4 cxd4 5. Nxd4 d6 6. g3 g6 7. Bg2 Bd7 8. O-O
Bg7 9. Bg5 a6 10. Rc1 h6 11. Nxc6 bxc6 12. Bd2 Rb8 13. b3 O-O 14. Ne4 Nxe4 15.
Bxe4 Bh3 16. Bg2 Bxg2 17. Kxg2 c5 18. Bc3 Qc7 19. Qd2 Qc6+ 20. Kg1 Bxc3 21.
Qxc3 Qb6 22. Rfd1 a5 23. Rc2 Rfe8 24. Rdd2 Qb4 25. Qe3 Kg7 26. h4 a4 27. Rd3
axb3 28. axb3 Qe1+ 29. Kg2 Ra8 30. Rc1 Qb4 31. Qd2 Qxd2 32. Rxd2 Reb8 33. Rb2
Ra3 34. Rc3 Kf6 35. Kf3 Rb4 36. Ke4 e6 37. Kd3 e5 38. e4 Ke6 39. Kd2 f5 40. f3
Ra1 41. Rc1 Ra3 42. Rc3 Ra7 43. Rd3 Rb6 44. Rc3 g5 45. hxg5 hxg5 46. exf5+ Kxf5
47. Ke3 g4 48. fxg4+ Kxg4 49. Ke4 1/2-1/2

[Event "SK Sodingen/Castrop 3 - Rochade Steele/"]
[Site "Verbandsklasse, Gruppe 2 2017"]
[Date "2017.12.03"]
[Round "4.6"]
[White "Tenschert, Hartmut"]
[Black "Borger, Alexander"]
[Result "0-1"]
[WhiteElo "1743"]
[BlackElo "1886"]
[PlyCount "118"]
[EventDate "2017.??.??"]

1. d4 Nf6 2. Bf4 e6 3. e3 d5 4. Bd3 c5 5. c3 Nc6 6. Nd2 Be7 7. Ngf3 O-O 8. h3
a6 9. Ne5 Nxe5 10. Bxe5 b5 11. O-O Qb6 12. Qb1 h6 13. Qd1 Bb7 14. Nf3 Ne4 15.
Nh2 f5 16. f3 Nf6 17. Rf2 Bd6 18. f4 Bxe5 19. fxe5 Ne4 20. Rf1 Rac8 21. Nf3 b4
22. c4 dxc4 23. Bxc4 cxd4 24. Qb3 Nc5 25. Qd1 dxe3 26. Qe2 Ne4 27. Kh2 f4 28.
Rfe1 Rfd8 29. Rad1 Ng3 30. Rxd8+ Rxd8 31. Qc2 Bxf3 32. Qg6 Be4 33. Bxe6+ Kh8
34. Qf7 Bh7 35. Qxf4 Qxe6 36. Qxg3 Qxa2 37. Rxe3 Qe6 38. Qh4 Rb8 39. Qg3 a5 40.
Re1 Rb5 41. Kh1 b3 42. Qf4 Bc2 43. Qd4 Rd5 44. Qf4 Rd1 45. Rxd1 Bxd1 46. Qd4
Bc2 47. Qd8+ Kh7 48. Qxa5 Be4 49. Kh2 Qd5 50. Qc3 Bxg2 51. Qg3 Be4 52. Qf4 Qc4
53. Qf2 Qc2 54. Kg3 Qxf2+ 55. Kxf2 Kg6 56. Ke3 Bf5 57. h4 Kh5 58. Kf4 Be6 59.
Kg3 g6 0-1

[Event "SK Sodingen/Castrop 3 - Rochade Steele/"]
[Site "Verbandsklasse, Gruppe 2 2017"]
[Date "2017.12.03"]
[Round "4.7"]
[White "Schroeder, Marcel"]
[Black "Demtroeder, Joerg"]
[Result "1/2-1/2"]
[WhiteElo "1522"]
[BlackElo "1698"]
[PlyCount "40"]
[EventDate "2017.??.??"]

1. c4 g6 2. Nc3 Bg7 3. g3 e5 4. Bg2 d6 5. e3 Nc6 6. Nge2 Nf6 7. d4 O-O 8. O-O
Rb8 9. a3 a5 10. Qb3 Bd7 11. Rd1 Re8 12. d5 Ne7 13. Qc2 h5 14. b3 h4 15. h3 Qc8
16. g4 Nh7 17. e4 Kh8 18. Kh2 f5 19. f3 Rf8 20. Be3 Bf6 1/2-1/2